00598cam a22002177a 4500003000500000005001700005008004100022010000900063011000900072035000900081040000900090082001300099100002100112245007000133260002800203300001100231490004900242500001000291650003000301830004900331CHAP20220329133008.0971013s1988 r 00010 d a1069 a2041 a1228 cCHAP a375bK5Y00aKemmis, Stephen.13aEl curriculumb: más allá de la teoría de la reproducción aMadrid :bMorata,c1988 a173 p. 0aColección. Pedagogía. La pedagogía hoy a40-5814aEducaciónxCurrículo.0 aColección. Pedagogía. La pedagogía hoy